| 000 | 00432cam a2200169ua 4500 | ||
|---|---|---|---|
| 020 | _c3.90 | ||
| 041 |
_aeng _h |
||
| 082 |
_a636 _bSUS/AN |
||
| 100 | _aSussman, Maurice . | ||
| 245 |
_aAnimal growth and development / _cMairice sussman. _hTextual Documents |
||
| 260 |
_aNew Delhi : _bPrentice Hall of India Pvt Ltd. , _c1967. |
||
| 300 | _a114 ; . | ||
| 365 | _a3.90 | ||
| 504 | _a | ||
| 942 | _cBK | ||
| 999 |
_c3490 _d3490 |
||